书目信息 |
| 题名: |
思想政治教育网络传播研究
|
|
| 作者: | 郭鹏 著 | |
| 分册: | ||
| 出版信息: | 武汉 武汉大学出版社 2022.01 |
|
| 页数: | 243页 | |
| 开本: | 24cm | |
| 丛书名: | ||
| 单 册: | ||
| 中图分类: | D64 , G206.2 | |
| 科图分类: | ||
| 主题词: | 思想政治教育--si xiang zheng zhi jiao yu--网络传播--研究--中国 | |
| 电子资源: | ||
| ISBN: | 978-7-307-22689-0 | |
| 000 | 01261nam0 2200265 450 | |
| 001 | CAL 004253956 | |
| 005 | 20230308143222.0 | |
| 010 | @a978-7-307-22689-0@dCNY78.00 | |
| 100 | @a20220221d2022 em y0chiy0120 ea | |
| 101 | 0 | @achi |
| 102 | @aCN@b420000 | |
| 105 | @aa z 000yy | |
| 106 | @ar | |
| 200 | 1 | @a思想政治教育网络传播研究@Asi xiang zheng zhi jiao yu wang luo chuan bo yan jiu@f郭鹏著 |
| 210 | @a武汉@c武汉大学出版社@d2022.01 | |
| 215 | @a243页@c图@d24cm | |
| 300 | @a教育部人文社会科学项目高校思想政治理论课教师研究专项资助项目 | |
| 314 | @a郭鹏, 黑龙江庆安人, 法学博士, 副教授, 研究生导师, 西安科技大学马克思主义学院教研室主任。 | |
| 330 | @a本书分析阐释思想政治教育与网络传播, 以及网络传播演进对思想政治教育的影响。对思想政治教育网络传播基本形态、思想政治教育网络传播机制、思想政治教育网络传播典型形式、思想政治教育网络传播参与者、思想政治教育网络传播效果等问题进行专门研究, 并对议程设置、网络舆情监控、网络文化育人、网络安全治理、网络素养与媒介教育等相关议题进行讨论, 对思想政治教育网络传播典型案例进行分析。 | |
| 606 | 0 | @a思想政治教育@Asi xiang zheng zhi jiao yu@x网络传播@x研究@y中国 |
| 690 | @aD64@v5 | |
| 690 | @aG206.2@v5 | |
| 701 | 0 | @a郭鹏@Aguo peng@4著 |
| 801 | 0 | @aCN@bBJXHXP@c20230308 |
| 905 | @b1404128-31@dD64@e250@f4 | |
| 思想政治教育网络传播研究/郭鹏著.-武汉:武汉大学出版社,2022.01 |
| 243页:图;24cm |
| 教育部人文社会科学项目高校思想政治理论课教师研究专项资助项目 |
| ISBN 978-7-307-22689-0:CNY78.00 |
| 本书分析阐释思想政治教育与网络传播, 以及网络传播演进对思想政治教育的影响。对思想政治教育网络传播基本形态、思想政治教育网络传播机制、思想政治教育网络传播典型形式、思想政治教育网络传播参与者、思想政治教育网络传播效果等问题进行专门研究, 并对议程设置、网络舆情监控、网络文化育人、网络安全治理、网络素养与媒介教育等相关议题进行讨论, 对思想政治教育网络传播典型案例进行分析。 |
| ● |
| 相关链接 |
|
|
|
|
正题名:思想政治教育网络传播研究
索取号:D64/250
 
预约/预借
| 序号 | 登录号 | 条形码 | 馆藏地/架位号 | 状态 | 备注 |
| 1 | 1404128 | 214041286 | 第一样本阅览室/ [索取号:D64/250] | 在馆 | |
| 2 | 1404129 | 214041295 | 第一借阅区/ [索取号:D64/250] | 在馆 | |
| 3 | 1404130 | 214041302 | 第一借阅区/ [索取号:D64/250] | 在馆 | |
| 4 | 1404131 | 214041311 | 第一借阅区/ [索取号:D64/250] | 在馆 |